| 000 | 01108nam a2200289 a 4500 | ||
|---|---|---|---|
| 001 | ebr10415683 | ||
| 003 | CaPaEBR | ||
| 006 | m u | ||
| 007 | cr cn||||||||| | ||
| 008 | 101001s2008 ii a sb 000 0 eng d | ||
| 020 | _z9788190694018 | ||
| 040 |
_aCaPaEBR _cCaPaEBR |
||
| 035 | _a(OCoLC)680625952 | ||
| 050 | 1 | 4 |
_aQR84 _b.C43 2008eb |
| 100 | 1 | _aChaudhary, Vikas. | |
| 245 | 1 | 0 |
_aMicrobial physiology and metabolism _h[electronic resource] / _cVikas Chaudhary. |
| 250 | _a1st ed. | ||
| 260 |
_aNew Delhi, India : _bNavyug Publishers & Distributors, _c2008. |
||
| 300 |
_a290 p. : _bill. |
||
| 504 | _aIncludes bibliographical references. | ||
| 533 |
_aElectronic reproduction. _bPalo Alto, Calif. : _cebrary, _d2010. _nAvailable via World Wide Web. _nAccess may be limited to ebrary affiliated libraries. |
||
| 650 | 0 |
_aMicroorganisms _xPhysiology. |
|
| 650 | 0 | _aMicrobial metabolism. | |
| 655 | 7 |
_aElectronic books. _2local |
|
| 710 | 2 | _aebrary, Inc. | |
| 856 | 4 | 0 |
_uhttp://site.ebrary.com/lib/rucke/Doc?id=10415683 _zAn electronic book accessible through the World Wide Web; click to view |
| 999 |
_c86090 _d86090 |
||